Chùa cổ Việt Nam

Spremljeno u:
Bibliografski detalji
Format: Knjiga
Jezik:Undetermined
Izdano: Thành Phố Hồ Chí Minh Thành Phố Hồ Chí Minh 2008
Teme:
Oznake: Dodaj oznaku
Bez oznaka, Budi prvi tko označuje ovaj zapis!
Thư viện lưu trữ: Trung tâm Học liệu Trường Đại học Cần Thơ
LEADER 00643nam a2200217Ia 4500
001 CTU_137490
008 210402s9999 xx 000 0 und d
020 |c 34000 
082 |a 915.97 
082 |b Ch501 
245 0 |a Chùa cổ Việt Nam 
245 0 |c Hãng phim trẻ 
260 |a Thành Phố Hồ Chí Minh 
260 |b Thành Phố Hồ Chí Minh 
260 |c 2008 
650 |a Temples, Buddhist,Chùa, phật giáo 
650 |x Ho Chi Minh City,Hồ Chí Minh 
650 |z Viet Nam,Việt Nam 
904 |i Tuyến 
915 |a 900 
980 |a Trung tâm Học liệu Trường Đại học Cần Thơ